000 00474nam a2200181Ia 4500
008 240925s9999 xx 000 0 und d
020 _a9788126519088
082 _a621.3822 APT
100 _aApte ,Shila D.
245 0 _aDigital Signal Processing
250 _aNA
260 _aNew Delhi:
_bJohn Wiley & Sons
_c,2009.
300 _axxxiii,942p.
_bN.A
_fOriginal
500 _aIncludes Index
600 _aElectronic Engineering
650 _aTechnology
942 _cBK
999 _c10749
_d10749